000 00524nam a22001937a 4500
005 20190104145105.0
008 190104b xxu||||| |||| 00| 0 eng d
020 _a9780140293258
_cRs 599
040 _beng
041 _aEnglish
082 _a822(I)
_bDAT
100 _aDattani, Mahesh
_d1958-
245 _aCollected plays
_cMahesh Dattani
260 _aGurgaon
_bPenguin Random House India Pvt. Ltd.
_c2000
300 _a516p
_b24 cm
650 _aIndian writing in English
_vDrama
850 _aLCLIB
_bPG
942 _cBK
999 _c41903
_d92382